Кобзарь: [избранные стихотворения]
| Autor principal: | |
|---|---|
| Otros Autores: | |
| Sumario: | Сборник посвящен 325-летию воссоединения Украины с Россией На пер. авт. не указан В суперобложке и футляре. |
| Lenguaje: | ruso |
| Publicado: |
Ставрополь, Ставропольское кн. изд-во, 1979
|
| Materias: | |
| Formato: | Libro |
| KOHA link: | https://koha.lib.tpu.ru/cgi-bin/koha/opac-detail.pl?biblionumber=218236 |
MARC
| LEADER | 00000nam0a2200000 4500 | ||
|---|---|---|---|
| 001 | 218236 | ||
| 005 | 20231101230159.0 | ||
| 010 | |b 5000 экз. | ||
| 035 | |a (RuTPU)RU\TPU\book\238252 | ||
| 090 | |a 218236 | ||
| 100 | |a 20120618d1979 m y0rusy50 ca | ||
| 101 | 1 | |a rus |c ukr | |
| 102 | |a RU | ||
| 105 | |a ac z 011gy | ||
| 200 | 1 | |a Кобзарь |e [избранные стихотворения] |f Т. Г. Шевченко |g сборник иллюстрирован рис. Т. Г. Шевченко ; на фронтисписе портр. Т. Г. Шевченко работы И. Н. Крамского | |
| 210 | |a Ставрополь |c Ставропольское кн. изд-во |d 1979 | ||
| 215 | |a 238 с. |c ил., портр. |d 10 см. | ||
| 300 | |a Сборник посвящен 325-летию воссоединения Украины с Россией | ||
| 300 | |a На пер. авт. не указан | ||
| 300 | |a В суперобложке и футляре. | ||
| 320 | |a Список иллюстраций: с. 232. | ||
| 606 | 1 | |a Украинская литература |2 stltpush |3 (RuTPU)RU\TPU\subj\62974 |9 80028 | |
| 610 | 1 | |a украинская литература | |
| 610 | 1 | |a поэзия | |
| 610 | 1 | |a стихотворения | |
| 610 | 1 | |a 19 век | |
| 610 | 1 | |a миниатюрные издания | |
| 676 | |a 883 |v 4 | ||
| 686 | |a Ч611.68 |v LBC/SL-A |2 rubbk | ||
| 700 | 1 | |a Шевченко |b Т. Г. |c украинский поэт |c художник |f 1814-1861 |g Тарас Григорьевич |2 stltpush |3 (RuTPU)RU\TPU\pers\1608 |9 691 | |
| 702 | 1 | |a Крамской |b И. Н. |c российский живописец |f 1837-1887 |g Иван Николаевич |2 stltpush |3 (RuTPU)RU\TPU\pers\11973 |4 040 |9 3081 | |
| 702 | 1 | |a Шевченко |b Т. Г. |c украинский поэт |c художник |f 1814-1861 |g Тарас Григорьевич |2 stltpush |3 (RuTPU)RU\TPU\pers\1608 |4 440 |9 691 | |
| 801 | 1 | |a RU |b 63413507 |c 20120618 | |
| 801 | 2 | |a RU |b 63413507 |c 20191115 |g RCR | |
| 942 | |c BK | ||